Managed C++ and .net development (Record no. 170781)

MARC details
000 -LEADER
fixed length control field 00395nam a2200145Ia 4500
008 - FIXED-LENGTH DATA ELEMENTS--GENERAL INFORMATION
fixed length control field 231217s9999 xx 000 0 und d
041 ## - LANGUAGE CODE
Language code of text/sound track or separate title English
082 ## - DEWEY DECIMAL CLASSIFICATION NUMBER
Classification number 001.6424C FRA;1 R
100 ## - MAIN ENTRY--PERSONAL NAME
Personal name Fraser, Stephen R. G
245 #0 - TITLE STATEMENT
Title Managed C++ and .net development
260 ## - PUBLICATION, DISTRIBUTION, ETC.
Date of publication, distribution, etc. 2003
Name of publisher, distributor, etc. Springer (India)
Place of publication, distribution, etc. New Delhi
300 ## - PHYSICAL DESCRIPTION
Extent xxiv+951
650 ## - SUBJECT ADDED ENTRY--TOPICAL TERM
Topical term or geographic name entry element Managed,C++,.net,development
942 ## - ADDED ENTRY ELEMENTS (KOHA)
Koha item type Books
Holdings
Date last seen Total checkouts Full call number Accession number Cost, total (INR) price Price effective from Category Lost status Damaged status Department Withdrawn status Home library Current library Shelving location Entry date Vendor Cost, normal purchase price Grants Billnumber Billdate Currency symbol Conversion rate Discount Old discount
26/01/2024   001.6424C FRA;1 R 25451 540.00 26/01/2024 Books     Central Library   Central Library Central Library Central Library 05/02/2004 Book Paradise 675.00 MCA 17606 21/07/2005 RS 1 135 20
26/01/2024   001.6424C FRA;2 R1 25452 540.00 26/01/2024 Books     Central Library   Central Library Central Library Central Library 05/02/2004 Book Paradise 675.00 MCA 17606 21/07/2005 RS 1 135 20

© For any Suggestions or Query, please contact the library staff @ librarian@pes.edu or Phone: +9180 2672 1983/ 2108.